书目信息 |
| 题名: |
往事与随想
|
|
| 作者: | 赫尔岑 著 ;项星耀 译 | |
| 分册: | 下 | |
| 出版信息: | 成都 四川人民出版社 2018.09 |
|
| 页数: | 653页 | |
| 开本: | 21cm | |
| 丛书名: | ||
| 单 册: | ||
| 中图分类: | B512.42 | |
| 科图分类: | ||
| 主题词: | 思想家--si xiang jia--回忆录--俄罗斯--近代 | |
| 电子资源: | ||
| ISBN: | 978-7-220-10514-2 | |
| 000 | 01371nam0 2200289 450 | |
| 001 | 202019135799 | |
| 005 | 20191007123108.0 | |
| 010 | @a978-7-220-10514-2@b精装@dCNY93.00 | |
| 100 | @a20191004d2018 em y0chiy50 ea | |
| 101 | 1 | @achi@crus |
| 102 | @aCN@b510000 | |
| 105 | @ay z 000zd | |
| 106 | @ar | |
| 200 | 1 | @a往事与随想@Awang shi yu sui xiang@h下@f(俄) 赫尔岑著@d= Былое и думы@fА.И. Герцен@g项星耀译@zrus |
| 210 | @a成都@c四川人民出版社@d2018.09 | |
| 215 | @a653页@d21cm | |
| 314 | @a赫尔岑, 俄国思想家、作家。 | |
| 330 | @a《往事与随想》是赫尔岑的长篇回忆录, 全书共八卷, 记述了从十二月党人起义到巴黎公社前夕的半个世纪里俄国和西欧的社会生活及革命事件, 在广阔的历史背景下描写了形形色色的人物, 把重大社会事件同作家个人的生活道路、思想发展紧密结合在一起, 构成了一部“十九世纪的百科全书”, 展现了俄国和西欧几代知识分子的生活史和精神史。 | |
| 500 | 10 | @aБылое и думы@mChinese |
| 600 | 1 | @a赫尔岑@Ahe er cen@g(Герцен, Александр Иванович),@f1812-1870@x回忆录 |
| 606 | 0 | @a思想家@Asi xiang jia@x回忆录@y俄罗斯@z近代 |
| 690 | @aB512.42@v5 | |
| 701 | 1 | @a赫尔岑@Ahe er cen@g(Герцен,Александр Иванович),@f1812-1870@4著 |
| 702 | 0 | @a项星耀@Axiang xing yao@4译 |
| 801 | 0 | @aCN@c20190905 |
| 804 | @a上, 14, 465 ; 中, 737 ; 下, 653 | |
| 905 | @a河南城建学院图书馆@dB512.42@eH327:3 | |
| 往事与随想.下/(俄) 赫尔岑著= Былое и думы/А.И. Герцен/项星耀译.-成都:四川人民出版社,2018.09 |
| 653页;21cm |
| ISBN 978-7-220-10514-2(精装):CNY93.00 |
| 《往事与随想》是赫尔岑的长篇回忆录, 全书共八卷, 记述了从十二月党人起义到巴黎公社前夕的半个世纪里俄国和西欧的社会生活及革命事件, 在广阔的历史背景下描写了形形色色的人物, 把重大社会事件同作家个人的生活道路、思想发展紧密结合在一起, 构成了一部“十九世纪的百科全书”, 展现了俄国和西欧几代知识分子的生活史和精神史。 |
| ● |
| 相关链接 |
|
|
|
正题名:往事与随想
索取号:B512.42/H327:3
 
预约/预借
| 序号 | 登录号 | 条形码 | 馆藏地/架位号 | 状态 | 备注 |
| 1 | 1444790 | 214447909 | 社科库509/509社科库 17排1列4层/ [索取号:B512.42/H327:3] | 在馆 |